| 000 | 01016nmc a2200337 a 4500 | ||
|---|---|---|---|
| 003 | AR-BaBNM | ||
| 005 | 20251128205450.0 | ||
| 008 | 011101s1997 ||||||||||||||000 | spa|| | ||
| 020 | _a950-9467-04-9 | ||
| 040 | _cAR-BaBNM | ||
| 100 | 1 | _aMüller, Marina | |
| 245 | 1 | 0 |
_aOrientación vocacional _baportes clínicos y educacionales |
| 260 |
_aBuenos Aires _bMiño y Dávila _c1997 |
||
| 300 | 0 |
_a178 p. _bil. |
|
| 490 | 0 | _aEnfoques en educación | |
| 504 | _aBibliografía: p. 173-178 | ||
| 650 | 4 | _aSERVICIOS DE ORIENTACION | |
| 650 | 4 | _aPSICOLOGOS ESCOLARES | |
| 650 | 4 | _aTEORIAS DE LA ORIENTACION | |
| 650 | 4 | _aORIENTACION PROFESIONAL | |
| 650 | 4 | _aCURSOS DE ORIENTACION | |
| 653 | 0 | _aORIENTACION VOCACIONAL | |
| 653 | 0 | _aGABINETES PSICOPEDAGOGICOS | |
| 653 | 0 | _aPSICOPEDAGOGOS | |
| 653 | 0 | _aPROCESO DE ENSENANZA-APRENDIZAJE | |
| 700 | 1 |
_aLópez Bonelli, Angela R. _eprologuista |
|
| 800 | 1 |
_aFasce, Jorge _edirector |
|
| 800 | 1 |
_aRojo, Mónica _edirector |
|
| 942 | _cBK | ||
| 998 | _cSILVI | ||
| 999 |
_c11509 _d11509 |
||